Экогеографическая изменчивость грызунов / (Record no. 72985)
[ view plain ]
| 000 -LEADER | |
|---|---|
| fixed length control field | 01435nam a22002897a 4500 |
| 001 - CONTROL NUMBER | |
| control field | 000209472 |
| 003 - CONTROL NUMBER IDENTIFIER | |
| control field | AM-YeHGA |
| 005 - DATE AND TIME OF LATEST TRANSACTION | |
| control field | 20250617124123.0 |
| 008 - FIXED-LENGTH DATA ELEMENTS--GENERAL INFORMATION | |
| fixed length control field | 030329s1990 ru |||||||||||||||||rus d |
| 020 ## - INTERNATIONAL STANDARD BOOK NUMBER | |
| International Standard Book Number | 5020058556 |
| 040 ## - CATALOGING SOURCE | |
| Original cataloging agency | AM-YeHGA |
| 041 0# - LANGUAGE CODE | |
| Language code of text/sound track or separate title | rus |
| 090 ## - LOCALLY ASSIGNED LC-TYPE CALL NUMBER (OCLC); LOCAL CALL NUMBER (RLIN) | |
| -- | 74203 |
| 100 1# - MAIN ENTRY--PERSONAL NAME | |
| Personal name | Пантелеев, Павел Александрович |
| 245 10 - TITLE STATEMENT | |
| Title | Экогеографическая изменчивость грызунов / |
| Statement of responsibility, etc. | П.А. Пантелеев, А.Н. Терехина, А.А. Варшавский ; Отв. ред. В.Н. Большаков; АН СССР. Ин-т эволюц. морфологии и экологии животных им. А. Н. Северцова. |
| 260 ## - PUBLICATION, DISTRIBUTION, ETC. | |
| Place of publication, distribution, etc. | Москва : |
| Name of publisher, distributor, etc. | Наука, |
| Date of publication, distribution, etc. | 1990. |
| 300 ## - PHYSICAL DESCRIPTION | |
| Extent | 372,[1] с. : |
| Other physical details | ил. ; |
| Dimensions | 25 см. |
| 500 ## - GENERAL NOTE | |
| General note | Указ. назв. млекопитающих: с. 335-340 |
| 504 ## - BIBLIOGRAPHY, ETC. NOTE | |
| Bibliography, etc. note | Библиогр.: с. 341-369 |
| 650 14 - SUBJECT ADDED ENTRY--TOPICAL TERM | |
| Topical term or geographic name entry element | Грызуны |
| General subdivision | Географическая изменчивость |
| 700 1# - ADDED ENTRY--PERSONAL NAME | |
| Personal name | Пантелеев, П.А. |
| 700 1# - ADDED ENTRY--PERSONAL NAME | |
| Personal name | Терехина, Алла Николаевна |
| 700 1# - ADDED ENTRY--PERSONAL NAME | |
| Personal name | Варшавский, Андрей Александрович |
| 700 1# - ADDED ENTRY--PERSONAL NAME | |
| Personal name | Большаков, В.Н. |
| Relator term | ред. |
| Relationship | edt |
| 710 2# - ADDED ENTRY--CORPORATE NAME | |
| Corporate name or jurisdiction name as entry element | Институт эволюционной морфологии и экологии животных им. А.Н. Северцова АН СССР |
| 942 ## - ADDED ENTRY ELEMENTS (KOHA) | |
| Source of classification or shelving scheme | Universal Decimal Classification |
| Koha item type | Գրքեր / Books |
| Withdrawn status | Lost status | Source of classification or shelving scheme | Damaged status | Not for loan | Collection | Home library | Current library | Date acquired | Total checkouts | Full call number | Barcode | Date last seen | Price effective from | Koha item type | Public note |
|---|---|---|---|---|---|---|---|---|---|---|---|---|---|---|---|
| Universal Decimal Classification | General | Fundamental Scientific Library | Fundamental Scientific Library | 22/12/2016 | PII/624027 | 120624027 | 22/12/2016 | 22/12/2016 | Գրքեր / Books | 30 Days Loan |
ՀՀ Գիտությունների ազգային ակադեմիայի հիմնարար գիտական գրադարան = Fundamental Scientific Library of NAS RA
All site content, except where otherwise noted, is licensed under a